000 01194nam a2200289 a 4500
001 ebr10719870
003 CaPaEBR
006 m o u
007 cr cn|||||||||
008 130625s2013 enka s 000 0 eng d
020 _z9781782168218
020 _z9781782168225 (e-book)
040 _aCaPaEBR
_cCaPaEBR
035 _a(OCoLC)847947603
050 1 4 _aTK5105.8885.R92
_bY38 2013eb
100 1 _aYates, Joe.
245 1 0 _aInstant Sinatra starter
_h[electronic resource] :
_byour practical guide to getting started with Sinatra to quickly creat simple web applications /
_cJoe Yates.
260 _aBirmingham :
_bPackt Pub.,
_c2013.
300 _aiii, 51 p. :
_bill. (some col.)
533 _aElectronic reproduction.
_bPalo Alto, Calif. :
_cebrary,
_d2013.
_nAvailable via World Wide Web.
_nAccess may be limited to ebrary affiliated libraries.
650 0 _aWeb site development.
650 0 _aComputer software
_xDevelopment.
650 0 _aRuby (Computer program language)
655 7 _aElectronic books.
_2local
710 2 _aebrary, Inc.
856 4 0 _uhttp://site.ebrary.com/lib/rucke/Doc?id=10719870
_zAn electronic book accessible through the World Wide Web; click to view
999 _c39327
_d39327